Queues, inventories, and maintenance : the analysis of operational systems with variable demand and supply
Αποθηκεύτηκε σε:
| Κύριος συγγραφέας: | |
|---|---|
| Μορφή: | Βιβλίο |
| Γλώσσα: | English |
| Δημοσίευση: |
Mineola, N.Y. :
Dover Publications,
2004
|
| Σειρά: | Dover phoenix editions
|
| Θέματα: | |
| Ετικέτες: |
Προσθήκη ετικέτας
Δεν υπάρχουν, Καταχωρήστε ετικέτα πρώτοι!
|
MARC
| LEADER | 00000nam a2200000 i 4500 | ||
|---|---|---|---|
| 001 | 1/77757 | ||
| 008 | 080318r20041958 eng d | ||
| 020 | |a 0-486-43914-3 | ||
| 035 | |l 10095566 | ||
| 040 | |a GR-MY-UA |b gre |e aacr | ||
| 041 | 0 | |a eng | |
| 082 | 0 | |a 519.82 |2 (22) | |
| 100 | 1 | |a Morse, Philip McCord |d 1903- | |
| 245 | 1 | 0 | |a Queues, inventories, and maintenance : |b the analysis of operational systems with variable demand and supply / |c Philip M.Morse |
| 260 | |a Mineola, N.Y. : |b Dover Publications, |c 2004 | ||
| 300 | |a ix, 202 σ.; |b διαγρ.; |c 22 εκ. | ||
| 490 | 1 | |a Dover phoenix editions | |
| 500 | |a Originally published: New York : Wiley, 1958, in series: Operations Research Society of America. Publications in operations research ; no. 1 | ||
| 504 | |a Περιλαμβάνει βιβλιογραφία και ευρετήριο | ||
| 650 | 0 | 0 | |a Queuing theory. |
| 830 | 0 | |a Dover phoenix editions | |
| 852 | |a INST |b CHIOS |e 20080318 |h 519.82 MOR |p 005200026089 |q 005200026089 |t BK |y 0 | ||
| 901 | |a BIBL2-2008-1 | ||
| 909 | |a Χ |b 150982 | ||
| 922 | |a 2ΕΛΗ |b 200802 |c ΕΠΕΑΕΚ2/ΤΔΕ |d ΠΑΠΑΣΩΤΗΡΙΟΥ | ||
| 970 | |a ΒΑΣΙΛΑΚΗ |b ΝΙΚΗ |z 2008/03/18 | ||